Missing Word: Directed by Women II Quiz Stats

 Plays Quiz Updated Feb 16, 2018

Score 0/18 Timer 03:00
0 Plays Today
Director / Movie title Missing word % Correct
Nora Ephron: You've Got ___Mail
92.6%
Penelope Spheeris: The ___ HillbilliesBeverly
89.9%
Kathryn Bigelow: Zero ___ ThirtyDark
89.8%
Nancy Meyers: What ___ WantWomen
89.3%
Mimi Leder: Pay It ___Forward
87.5%
Penny Marshall: Renaissance ___Man
79.4%
Susannah Grant: Catch and ___Release
72.9%
Barbra Streisand: The ___ Has Two FacesMirror
51.4%
Diane Keaton: Unstrung ___Heroes
50.1%
Director / Movie title Missing word % Correct
Susan Seidelman: Making Mr. ___Right
48.2%
Sofia Coppola: The Bling ___Ring
46.9%
Mary Lambert: Pet ___Sematary
29.4%
Amy Heckerling: ___ DangerouslyJohnny
28%
Randa Haines: ___ with MeDance
23.7%
Patricia Riggen: ___ in ProgressGirl
13.3%
Mary Harron: The ___ Bettie PageNotorious
10.3%
Kelly Reichardt: Wendy and ___Lucy
6.6%
Agnieszka Holland: Copying ___Beethoven
4.4%

Today's Daily Dose

Missing Word
Celine Dion

Word Ladder
Dr. Seuss Books

Quick Pick
Cities in India

Get the Picture
'A' Actresses

You're not logged in!

Compare scores with friends on all Sporcle quizzes.
OR
Log In

Sporcle TV

Today on Sporcle TV


Watch our educational content, quiz creation guides, and fun videos on Sporcle TV.

Show Comments

Extras

Top Quizzes Today


Score Distribution

Your Account Isn't Verified!

In order to create a playlist on Sporcle, you need to verify the email address you used during registration. Go to your Sporcle Settings to finish the process.

Report this User

Report this user for behavior that violates our Community Guidelines.

Details: